[Event "Rhein Main op-A 15th"]
[Site "Bad Homburg"]
[Date "2012.06.10"]
[Round "7"]
[White "Cipca, Adrian"]
[Black "Schlemminger, Degenhard"]
[Result "1-0"]
[WhiteElo "1888"]
[BlackElo "1742"]
[PlyCount "99"]
[EventDate "2012.06.06"]
[EventType "swiss"]
[EventRounds "7"]
[EventCountry "GER"]
[SourceTitle "EXT 2013"]
[Source "ChessBase"]
[SourceDate "2012.11.22"]
[SourceVersion "1"]
[SourceVersionDate "2012.11.22"]
[SourceQuality "1"]

1. c4 Nf6 2. Nc3 e6 3. g3 c6 4. d4 d5 5. b3 Bd7 6. Bg2 Bb4 7. Bb2 0-0 8. e3 Ne4 9. Nge2 Qe7 10. 0-0 Nxc3 11. Nxc3 f5 12. a3 Bd6 13. c5 Bc7 14. f4 Be8 15. b4 a6 16. a4 Qd8 17. Qe2 Nd7 18. Rfb1 Nf6 19. Bc1 Bh5 20. Bf3 Bf7 21. b5 Ne4 22. Bxe4 fxe4 23. bxc6 bxc6 24. Rb7 h5 25. h4 Be8 26. Rab1 Ba5 27. Na2 Rf7 28. Bd2 Bxd2 29. Qxd2 Rxb7 30. Rxb7 Qc8 31. Qb4 Kh7 32. Qb6 Qd8 33. Nb4 a5 34. Nxc6 Qxb6 35. Rxb6 Rc8 36. Rb8 Rxb8 37. Nxb8 Bxa4 38. c6 Bxc6 39. Nxc6 a4 40. Kf2 a3 41. Nb4 Kg6 42. Kg2 Kf5 43. Kh3 Kf6 44. g4 g6 45. Kg3 Kf7 46. f5 hxg4 47. fxg6+ Kf6 48. h5 Kg7 49. Kxg4 Kh6 50. Kf4 1-0

[Event "Rhein Main op-B 14th"]
[Site "Bad Homburg"]
[Date "2011.06.25"]
[Round "6"]
[White "Cipca, Adrian"]
[Black "Christen, Stefan"]
[Result "0-1"]
[WhiteElo "1888"]
[BlackElo "1559"]
[PlyCount "98"]
[EventDate "2011.06.22"]
[EventType "swiss"]
[EventRounds "7"]
[EventCountry "GER"]
[SourceTitle "EXT 2012"]
[Source "ChessBase"]
[SourceDate "2011.11.24"]
[SourceVersion "1"]
[SourceVersionDate "2011.11.24"]
[SourceQuality "1"]

1. e4 c5 2. Nf3 Nc6 3. d4 cxd4 4. Nxd4 Nf6 5. Nc3 d6 6. Be3 g6 7. f3 Bg7 8. Qd2 a6 9. 0-0-0 0-0 10. Kb1 Nxd4 11. Bxd4 b5 12. g4 Bb7 13. h4 h5 14. gxh5 Nxh5 15. Bxg7 Kxg7 16. Rg1 Rh8 17. f4 Nf6 18. e5 dxe5 19. Qh2 Qb6 20. fxe5 Ne4 21. Nd5 Rad8 22. Bc4 Bxd5 23. Bxd5 Qf2 24. Qxf2 Nxf2 25. Rd2 Nh3 26. Rg3 Nf4 27. Rgd3 Nxd3 28. Rxd3 e6 29. Bb7 Rxd3 30. cxd3 a5 31. b4 axb4 32. Kc2 Rxh4 33. Kb3 Rd4 34. Kc2 g5 35. Bc6 g4 36. Kd2 f5 37. exf6+ Kxf6 38. Ke3 e5 39. Bxb5 Kg5 40. Bc6 Kh4 41. Bg2 Kg3 42. Bc6 Kh2 43. Ke2 g3 44. Kf1 Rxd3 45. Be4 Rd2 46. Ke1 Rxa2 47. Bd5 Ra1+ 48. Ke2 g2 49. Bxg2 Kxg2 0-1

[Event "Rhein Main op-B 14th"]
[Site "Bad Homburg"]
[Date "2011.06.23"]
[Round "2"]
[White "Cipca, Adrian"]
[Black "Vareskic, Mijo"]
[Result "1-0"]
[WhiteElo "1888"]
[BlackElo "1413"]
[PlyCount "89"]
[EventDate "2011.06.22"]
[EventType "swiss"]
[EventRounds "7"]
[EventCountry "GER"]
[SourceTitle "EXT 2012"]
[Source "ChessBase"]
[SourceDate "2011.11.24"]
[SourceVersion "1"]
[SourceVersionDate "2011.11.24"]
[SourceQuality "1"]

1. e4 e5 2. Nf3 Nf6 3. Nxe5 d6 4. Nf3 Bg4 5. h3 Bh5 6. Nc3 d5 7. g4 dxe4 8. Nh4 Nfd7 9. gxh5 Qxh4 10. Qg4 Qxg4 11. hxg4 Nc5 12. Bg2 Nc6 13. Nxe4 Nxe4 14. Bxe4 0-0-0 15. Bxc6 bxc6 16. d3 Bb4+ 17. c3 Rhe8+ 18. Be3 Bc5 19. d4 Bf8 20. 0-0-0 g6 21. hxg6 hxg6 22. Rde1 Rd5 23. Bf4 Rxe1+ 24. Rxe1 Bd6 25. Be5 Bxe5 26. Rxe5 f6 27. Re6 Rd6 28. Rxd6 cxd6 29. b4 Kd7 30. Kd2 Ke6 31. Kd3 d5 32. c4 Kd6 33. a4 Ke6 34. b5 dxc4+ 35. Kxc4 cxb5+ 36. Kxb5 Kd5 37. Ka6 Kxd4 38. Kxa7 Kc5 39. Kb7 Kb4 40. Kc6 Kxa4 41. Kd5 Kb3 42. Ke6 Kc3 43. Kxf6 Kd4 44. Kxg6 Ke4 45. Kf6 1-0

[Event "Frankfurt-ch"]
[Site "Frankfurt"]
[Date "2011.06.14"]
[Round "7"]
[White "Cipca, Adrian"]
[Black "Rueger, Erhard"]
[Result "0-1"]
[WhiteElo "1888"]
[BlackElo "2195"]
[PlyCount "36"]
[EventDate "2011.05.02"]
[EventType "swiss"]
[EventRounds "7"]
[EventCountry "GER"]
[SourceTitle "EXT 2012"]
[Source "ChessBase"]
[SourceDate "2011.11.24"]
[SourceVersion "1"]
[SourceVersionDate "2011.11.24"]
[SourceQuality "1"]

1. e4 c5 2. Nf3 e6 3. d4 cxd4 4. Nxd4 a6 5. c4 Nf6 6. Nc3 Bb4 7. Qf3 Qc7 8. Bd2 Bc5 9. Nc2 Nc6 10. g4 Ne5 11. Qg3 Nfxg4 12. Ne3 Nxe3 13. Bxe3 Bxe3 14. fxe3 0-0 15. 0-0-0 d6 16. Rg1 g6 17. b3 b5 18. cxb5 Qxc3+ 0-1

[Event "Frankfurt-ch"]
[Site "Frankfurt"]
[Date "2011.05.16"]
[Round "3"]
[White "Reitz, Thomas"]
[Black "Cipca, Adrian"]
[Result "0-1"]
[WhiteElo "1482"]
[BlackElo "1888"]
[PlyCount "64"]
[EventDate "2011.05.02"]
[EventType "swiss"]
[EventRounds "7"]
[EventCountry "GER"]
[SourceTitle "EXT 2012"]
[Source "ChessBase"]
[SourceDate "2011.11.24"]
[SourceVersion "1"]
[SourceVersionDate "2011.11.24"]
[SourceQuality "1"]

1. e4 c5 2. Nf3 Nc6 3. d4 cxd4 4. Nxd4 g6 5. Nc3 Bg7 6. Nb3 Nf6 7. Be2 0-0 8. 0-0 b6 9. f4 d6 10. Bf3 Bb7 11. Qe2 Rb8 12. Rd1 Qc8 13. h3 a6 14. a4 Nb4 15. Rd4 a5 16. Rc4 Qd7 17. Qd1 Ba6 18. Rd4 Qc7 19. Be3 Rfd8 20. Rc1 Nd7 21. Nd5 Nxd5 22. Rxd5 Bxb2 23. Rb1 Bg7 24. Nd4 Rdc8 25. e5 dxe5 26. Nb5 Bxb5 27. Rbxb5 Nf6 28. Rxe5 e6 29. Bd4 Rd8 30. c3 Nd7 31. Re4 Nc5 32. Re2 Qxf4 0-1

[Event "Rhein Main op 13th"]
[Site "Bad Homburg"]
[Date "2010.06.04"]
[Round "4"]
[White "Spinnler, Wolfgang"]
[Black "Cipca, Adrian"]
[Result "0-1"]
[WhiteElo "1735"]
[BlackElo "1888"]
[PlyCount "102"]
[EventDate "2010.06.02"]
[EventType "swiss"]
[EventRounds "7"]
[EventCountry "GER"]
[SourceTitle "EXT 2011"]
[Source "ChessBase"]
[SourceDate "2010.11.26"]
[SourceVersion "1"]
[SourceVersionDate "2010.11.26"]
[SourceQuality "1"]

1. d4 d5 2. c4 c6 3. cxd5 cxd5 4. Nf3 Nf6 5. Nc3 Nc6 6. Bf4 Qb6 7. Na4 Qa5+ 8. Bd2 Qc7 9. Nc3 Bf5 10. Bg5 Ne4 11. Bd2 Nf6 12. Bg5 Ne4 13. Bd2 e6 14. a3 h6 15. e3 Be7 16. Bb5 0-0 17. Rc1 a6 18. Bxc6 bxc6 19. b4 Nd6 20. Ra1 Nc4 21. Na4 Rfb8 22. Bc3 a5 23. Nc5 Ra7 24. 0-0 Rba8 25. Nd2 axb4 26. axb4 Rxa1 27. Bxa1 Na3 28. Ndb3 Qb6 29. Bc3 Nc2 30. Qd2 Kh7 31. Na5 Bd6 32. Rc1 Na3 33. Ra1 Nb5 34. Nab3 Rxa1+ 35. Bxa1 f6 36. h3 Na3 37. f4 Nc4 38. Qe1 Qa7 39. Na5 Qb6 40. Nab3 Qc7 41. Qf1 Nxe3 42. Qf2 Nd1 43. Qd2 Nc3 44. Qxc3 Bxf4 45. g4 Bh2+ 46. Kf1 Qf4+ 47. Ke2 Bg6 48. Nxe6 Qe4+ 49. Qe3 Qg2+ 50. Qf2 Bd3+ 51. Ke1 Bg3 0-1

[Event "Rhein Main op 13th"]
[Site "Bad Homburg"]
[Date "2010.06.03"]
[Round "3"]
[White "Cipca, Adrian"]
[Black "Thomas, Tobias"]
[Result "1/2-1/2"]
[WhiteElo "1888"]
[BlackElo "1144"]
[PlyCount "101"]
[EventDate "2010.06.02"]
[EventType "swiss"]
[EventRounds "7"]
[EventCountry "GER"]
[SourceTitle "EXT 2011"]
[Source "ChessBase"]
[SourceDate "2010.11.26"]
[SourceVersion "1"]
[SourceVersionDate "2010.11.26"]
[SourceQuality "1"]

1. e4 c5 2. Nf3 Nc6 3. d4 cxd4 4. Nxd4 e5 5. Nb5 d6 6. N1c3 a6 7. Na3 Nf6 8. Bg5 Be7 9. Bxf6 Bxf6 10. Nd5 Be6 11. c4 Qa5+ 12. Nc3 0-0 13. Nc2 Nd4 14. Rb1 Rac8 15. b4 Nxc2+ 16. Qxc2 Qc7 17. Nd5 Bxd5 18. exd5 b5 19. Be2 bxc4 20. 0-0 Qb6 21. Bg4 Rc7 22. a3 Be7 23. Qa2 Qd4 24. Bf3 c3 25. Rbc1 Rfc8 26. Rc2 Bg5 27. Be2 Bd2 28. Rb1 Qb6 29. a4 f5 30. a5 Qa7 31. Bxa6 Qxa6 32. b5 Qb7 33. a6 Qb6 34. Qb3 Rc5 35. g3 Rb8 36. a7 Qxa7 37. b6 Qb7 38. Ra2 Qxd5 39. Qxd5+ Rxd5 40. b7 c2 41. Rxc2 Rc5 42. Rxd2 Rc7 43. Rxd6 Rcxb7 44. Rbd1 Rb1 45. Kg2 Rxd1 46. Rxd1 Kf7 47. Rd6 Re8 48. Kf3 g6 49. h3 h6 50. g4 Kg7 51. h4 1/2-1/2

[Event "Frankfurt-ch"]
[Site "Frankfurt"]
[Date "2010.05.31"]
[Round "5"]
[White "Miller, Justin"]
[Black "Cipca, Adrian"]
[Result "1-0"]
[WhiteElo "1311"]
[BlackElo "1689"]
[PlyCount "35"]
[EventDate "2010.04.26"]
[EventType "swiss"]
[EventRounds "7"]
[EventCountry "GER"]
[SourceTitle "EXT 2011"]
[Source "ChessBase"]
[SourceDate "2010.11.26"]
[SourceVersion "1"]
[SourceVersionDate "2010.11.26"]
[SourceQuality "1"]

1. e4 c5 2. Nf3 d6 3. d4 cxd4 4. Nxd4 Nf6 5. Nc3 g6 6. Be3 Nc6 7. f3 Bg7 8. Qd2 0-0 9. 0-0-0 Bd7 10. g4 a6 11. h4 h5 12. Nd5 hxg4 13. Nxf6+ Bxf6 14. Nxc6 bxc6 15. h5 Rb8 16. b3 a5 17. hxg6 a4 18. Qh2 1-0

[Event "Frankfurt-ch"]
[Site "Frankfurt"]
[Date "2010.05.17"]
[Round "4"]
[White "Cipca, Adrian"]
[Black "Hartmann, Stephan"]
[Result "1/2-1/2"]
[WhiteElo "1689"]
[BlackElo "1406"]
[PlyCount "71"]
[EventDate "2010.04.26"]
[EventType "swiss"]
[EventRounds "7"]
[EventCountry "GER"]
[SourceTitle "EXT 2011"]
[Source "ChessBase"]
[SourceDate "2010.11.26"]
[SourceVersion "1"]
[SourceVersionDate "2010.11.26"]
[SourceQuality "1"]

1. e4 e5 2. Nf3 Nc6 3. Bb5 d6 4. 0-0 Nf6 5. Re1 Bd7 6. c3 Be7 7. d4 exd4 8. cxd4 0-0 9. Nc3 a6 10. Ba4 Bg4 11. Be3 Nd7 12. h3 Bh5 13. Rc1 f5 14. exf5 Nb6 15. Bb3+ d5 16. g4 Bf7 17. Ne5 Na5 18. Na4 Nxb3 19. Qxb3 Nxa4 20. Qxa4 c6 21. Bd2 Be8 22. Bb4 c5 23. Qb3 cxb4 24. Re2 Rc8 25. Rxc8 Qxc8 26. Qxd5+ Kh8 27. Nd3 Bf7 28. Qf3 Bd6 29. b3 Qc6 30. Qe3 Bd5 31. Ne5 Qc7 32. f4 Qc3 33. Nd3 Qc7 34. Ne5 Qc3 35. Nd3 Qc7 36. Ne5 1/2-1/2

[Event "Frankfurt-ch"]
[Site "Frankfurt"]
[Date "2010.05.03"]
[Round "2"]
[White "Cipca, Adrian"]
[Black "Willenbring, Jens Dirk"]
[Result "1-0"]
[WhiteElo "1689"]
[BlackElo "1397"]
[PlyCount "65"]
[EventDate "2010.04.26"]
[EventType "swiss"]
[EventRounds "7"]
[EventCountry "GER"]
[SourceTitle "EXT 2011"]
[Source "ChessBase"]
[SourceDate "2010.11.26"]
[SourceVersion "1"]
[SourceVersionDate "2010.11.26"]
[SourceQuality "1"]

1. e4 e6 2. d4 d5 3. Nd2 dxe4 4. Nxe4 Nc6 5. Nf3 Nf6 6. Nxf6+ Qxf6 7. Bg5 Qf5 8. Qd2 h6 9. Bf4 Bd6 10. Bxd6 cxd6 11. Bd3 Qf6 12. c3 0-0 13. 0-0 Bd7 14. Bc2 Ne7 15. Rfe1 Bc6 16. Be4 Bxe4 17. Rxe4 Ng6 18. h4 Qd8 19. h5 Ne7 20. Rg4 Nf5 21. Qf4 Kh8 22. Re1 Rc8 23. d5 Qf6 24. dxe6 fxe6 25. Rg6 e5 26. Qe4 Qe7 27. Rd1 Rc6 28. Qc2 Qd8 29. Nxe5 Rc5 30. Re6 Rf6 31. Rxf6 Rxe5 32. Rxf5 Rxf5 33. Qxf5 1-0

[Event "Frankfurt-ch"]
[Site "Frankfurt"]
[Date "2009.06.29"]
[Round "7"]
[White "Neumann, Manfred"]
[Black "Cipca, Adrian"]
[Result "0-1"]
[WhiteElo "1779"]
[BlackElo "1577"]
[PlyCount "124"]
[EventDate "2009.04.27"]
[EventType "tourn"]
[EventRounds "7"]
[EventCountry "GER"]
[SourceTitle "EXT 2010"]
[Source "ChessBase"]
[SourceDate "2010.11.25"]
[SourceVersion "1"]
[SourceVersionDate "2010.11.25"]
[SourceQuality "1"]

1. d4 d5 2. c4 c6 3. Nf3 e6 4. Nc3 Nf6 5. Bg5 Be7 6. e3 h6 7. Bh4 Nbd7 8. Bd3 dxc4 9. Bxc4 b5 10. Bd3 Bb7 11. 0-0 a6 12. Rc1 0-0 13. Bb1 c5 14. Re1 cxd4 15. Nxd4 Qb6 16. a3 Rfd8 17. Qe2 Rac8 18. f3 Ne5 19. Bf2 Nc4 20. Red1 Bc5 21. Nc2 Nxb2 22. Rxd8+ Rxd8 23. Nd4 Bxa3 24. Nb3 Nc4 25. Rd1 Rxd1+ 26. Qxd1 Qd6 27. Qc2 g6 28. h4 h5 29. e4 Nd7 30. Bd4 e5 31. Bf2 Nc5 32. Nxc5 Bxc5 33. Ba2 Bxf2+ 34. Qxf2 Qb6 35. Bxc4 Qxf2+ 36. Kxf2 bxc4 37. Ke3 f6 38. Na4 Bc6 39. Nb2 Bb5 40. Kd2 c3+ 41. Kxc3 Bf1 42. g3 Bg2 43. Kc4 Bxf3 44. Kd5 Kf7 45. Nd3 Ke7 46. Nb4 Be2 47. Nc6+ Kf8 48. Ke6 Bb5 49. Na5 Kg7 50. Nb7 Bc6 51. Nc5 a5 52. Kd6 Bb5 53. Ne6+ Kf7 54. Nc7 Bd3 55. Kc5 a4 56. Kb4 a3 57. Kxa3 Bxe4 58. Nb5 Ke6 59. Kb3 Bd5+ 60. Kc3 Kf5 61. Kd3 Kg4 62. Nc3 Bf3 0-1